LEADER 00974cam0-2200325---450- 001 990005820370403321 005 20130605112735.0 010 $a88-85252-15-X 035 $a000582037 035 $aFED01000582037 035 $a(Aleph)000582037FED01 035 $a000582037 100 $a19990604d1993----km-y0itay50------ba 101 0 $aita 102 $aIT 105 $ay---a---001yy 200 1 $a<>cultura a Roma tra umanesimo ed ermetismo$e(1480-1540)$fGennaro Savarese 210 $aAnzio$cDe Rubeis$d©1993 215 $a118 p.$d20 cm 225 1 $a<>arco muto$v8 610 0 $aLetteratura latina umanistica$aRoma$a1480-1540 676 $a870.9004 700 1$aSavarese,$bGennaro$f<1924- >$0151752 801 0$aIT$bUNINA$gRICA$2UNIMARC 901 $aBK 912 $a990005820370403321 952 $aP2B-585-SAVARESE G.-1993$bDip.Fil.mod. 8292$fFLFBC 959 $aFLFBC 996 $aCultura a Roma tra umanesimo ed ermetismo$9204618 997 $aUNINA LEADER 02045nas 2200565-a 450 001 9910229194103321 005 20260218112903.0 011 $a2254-660X 035 $a(DE-599)ZDB2440170-5 035 $a(CKB)110978978191064 035 $a(CONSER)---76647883- 035 $a(MiFhGG)9AMC 035 $a(DE-599)2440170-5 035 $a(DE-599)2871030-7 035 $a(EXLCZ)99110978978191064 100 $a20761220b19742005 --- b 101 0 $aspa 181 $ctxt$2rdacontent 182 $cc$2rdamedia 183 $acr$2rdacarrier 200 00$aAnuario de derecho internacional /$fDepartamento de Derecho Internacional Público y Privado, Facultad de Derecho, Universidad de Navarra 210 $aPamplona [Spain] $cEdiciones Universidad de Navarra, 1974-[2007?] 215 $a1 online resource 300 $aRefereed/Peer-reviewed 300 $aVolumes for <2005> published:Servicio de Publicaciones de la Universidad de Navarra. 311 08$aPrint version: Anuario de derecho internacional / 0212-0747 (DLC) 76647883 (OCoLC)2635904 517 1 $aAEDI 531 0 $aAnu. derecho int. 606 $aInternational law$vPeriodicals 606 $aConflict of laws$vPeriodicals 606 $aDroit international$2eclas 606 $aAnnuaires$2eclas 606 $aConflict of laws$2fast$3(OCoLC)fst00874831 606 $aInternational law$2fast$3(OCoLC)fst00976984 607 $aEspagne$2eclas 608 $aPeriodicals.$2fast 608 $aPeriodicals.$2lcgft 615 0$aInternational law 615 0$aConflict of laws 615 7$aDroit international. 615 7$aAnnuaires. 615 7$aConflict of laws. 615 7$aInternational law. 712 02$aUniversidad de Navarra.$bDepartamento de Derecho Internacional Pu?blico y Privado. 712 02$aUniversidad de Navarra.$bDepartamento de Derecho Internacional Pu?blico. 906 $aJOURNAL 912 $a9910229194103321 920 $aexl_impl conversion 996 $aAnuario de derecho internacional$9800496 997 $aUNINA